Beijing residential property market (Record no. 119188)
[ view plain ]
| 000 -LEADER | |
|---|---|
| fixed length control field | 01315cas a22002415a 4500 |
| 001 - CONTROL NUMBER | |
| control field | L143642 |
| 008 - FIXED-LENGTH DATA ELEMENTS--GENERAL INFORMATION | |
| fixed length control field | 080522c2000 cc qr wssss 0 a0eng u |
| 035 ## - SYSTEM CONTROL NUMBER | |
| System control number | (Sirsi) u143642 |
| 041 0# - LANGUAGE CODE | |
| Language code of text/sound track or separate title | eng, chi |
| 050 ## - LIBRARY OF CONGRESS CALL NUMBER | |
| Classification number | 333.33 $2 18 |
| 110 2# - MAIN ENTRY--CORPORATE NAME | |
| Corporate name or jurisdiction name as entry element | Colliers International |
| 9 (RLIN) | 5548 |
| 245 00 - TITLE STATEMENT | |
| Title | Beijing residential property market |
| Medium | [electronic resource] |
| 260 ## - PUBLICATION, DISTRIBUTION, ETC. | |
| Place of publication, distribution, etc. | Hong Kong |
| Name of publisher, distributor, etc. | Colliers CRE |
| Date of publication, distribution, etc. | 200?- |
| 362 0# - DATES OF PUBLICATION AND/OR SEQUENTIAL DESIGNATION | |
| Dates of publication and/or sequential designation | 200?- |
| 490 #0 - SERIES STATEMENT | |
| Series statement | The Knowledge Report |
| 490 #0 - SERIES STATEMENT | |
| Series statement | Beijing Residential Property Market |
| 520 ## - SUMMARY, ETC. | |
| Summary, etc. | Considers the market and trends surrounding the residential market in Beijing. Provides an overview of the current state of the economy and residential market. Examines the state of the supply and demand relationship, and reports on recently completed developments. Provides an overview of occupancy trends including details of rental takeup and vacancy levels by sector and sub-area. Looks at apartment and villa rentals sales and leasing. Commentary considers the outlook and plans for the coming period. Charts and statistics. |
| 554 ## - | |
| -- | Quarterly |
| 651 #4 - SUBJECT ADDED ENTRY--GEOGRAPHIC NAME | |
| Geographic name | China |
| 690 ## - LOCAL SUBJECT ADDED ENTRY--TOPICAL TERM (OCLC, RLIN) | |
| Topical term or geographic name as entry element | PROPERTY-RESIDENTIAL PROPERTY-RESIDENTIAL PROPERTY MARKET |
| 856 40 - ELECTRONIC LOCATION AND ACCESS | |
| Uniform Resource Identifier | <a href="https://www.colliers.com/Markets/China/MarketReports/MultiFamily/">https://www.colliers.com/Markets/China/MarketReports/MultiFamily/</a> |
| Public note | View the item free of charge at www.colliers.com... |
| 942 ## - ADDED ENTRY ELEMENTS (KOHA) | |
| Suppress in OPAC | 0 |
| Withdrawn status | Lost status | Source of classification or shelving scheme | Damaged status | Not for loan | Home library | Current library | Shelving location | Date acquired | Total Checkouts | Full call number | Barcode | Date last seen | Copy number | Price effective from | Koha item type |
|---|---|---|---|---|---|---|---|---|---|---|---|---|---|---|---|
| Dewey Decimal Classification | Virtual | Virtual | Online | 22/05/2008 | ONLINE PUBLICATION | 143642-2001 | 06/08/2019 | 1 | 06/08/2019 | Book |